Dictionary of internatiional biography (Record no. 7904)

MARC details
000 -LEADER
fixed length control field 00595nam a2200181Ia 4500
003 - CONTROL NUMBER IDENTIFIER
control field IN-BaIIA
008 - FIXED-LENGTH DATA ELEMENTS--GENERAL INFORMATION
fixed length control field 211028s9999 xx 000 0 eng d
040 ## - CATALOGING SOURCE
Transcribing agency IIA Library
080 ## - UNIVERSAL DECIMAL CLASSIFICATION NUMBER
Universal Decimal Classification number (038):92
Item number DIC
110 ## - MAIN ENTRY--CORPORATE NAME
Corporate name or jurisdiction name as entry element International Biographical Centres
9 (RLIN) 13324
245 #0 - TITLE STATEMENT
Title Dictionary of internatiional biography
Statement of responsibility, etc. International Biographical Centres
260 ## - PUBLICATION, DISTRIBUTION, ETC.
Place of publication, distribution, etc. Cambridge
Name of publisher, distributor, etc. International Biographical Centre
Date of publication, distribution, etc. 1982
300 ## - PHYSICAL DESCRIPTION
Extent xv, 885p.
650 ## - SUBJECT ADDED ENTRY--TOPICAL TERM
Topical term or geographic name entry element Biography-Scientists
9 (RLIN) 9642
650 ## - SUBJECT ADDED ENTRY--TOPICAL TERM
Topical term or geographic name entry element Dictionaries-International Biography, biography
9 (RLIN) 13325
650 ## - SUBJECT ADDED ENTRY--TOPICAL TERM
Topical term or geographic name entry element NASA Thesaurus
942 ## - ADDED ENTRY ELEMENTS (KOHA)
Koha item type Books
Holdings
Withdrawn status Lost status Damaged status Not for loan Home library Current library Shelving location Date acquired Cost, normal purchase price Total Checkouts Full call number Barcode Date last seen Cost, replacement price Price effective from Koha item type Purchase Price
        IIA Library-Bangalore IIA Library-Bangalore General Stacks 05/07/1984 521.60   (038):92/ DIC 8727 05/11/2021 521.60 05/07/1984 Books Rs. 521.60

Powered by Koha